00617nam a2200181Ia 4500008004100000020001500041041001200056082001600068100001400084245007500098260002500173300000800198650001600206700001900222942000700241999001500248952017200263221030s9999 xx 000 0 und d a0074638416 aEnglish a105.23bRoy aM. K. Roy 0aCobol Programming : Problems & Solutionscby M. K. Roy, D. G. Dastidar bTMHaNew Delhic2003 a666 aBE Computer aD. G. Dastidar cBK c8443d8443 pBE 6978g225.00l0o105.23 Royr2024-06-13 00:00:00w2022-10-30yBK003Print4070aMIETLIBbMIETLIBcBL-Academic Block C, FL-2, CUP-107, SH-6, R-6d2003-08-1610HBE